01340 2200229 4500001002100000005001500021035002000036007000300056008004100059020002100100082001000121084001600131100002400147245002100171250001100192260004400203300003500247650001000282650001800292520078300310990001701093INLIS00000000000225720260422110616 a0010-0426000014ta260422 g f ind  a978-602-8325-5-6 a82-31 a82-31 IND s0 aIndra Andriana, Lia1 aSeoulmate is You aCet. 2 aJakarta Selatan :bPenerbit Haru,c2012 a320 hlm :bilus. ;c13 x 19 cm 4aNOVEL 4aFIKSI ROMANSA aSeoulMate is You merupakan sekuel dari novel SeoulMate karya Lia Indra Andriana. Mengusung genre komedi romantis yang dibalut dengan elemen fantasi supranatural (rom-com fantasy), novel ini membawa pembaca kembali ke dunia di mana batasan antara dunia manusia dan dunia roh menjadi samar, sekaligus menguji seberapa jauh sebuah rahasia bisa dipertahankan demi cinta. Lia Indra Andriana menyuguhkan cerita ini dengan gaya bahasa teenlit yang kasual, ringan, dan mengalir cepat. Elemen humor masih dipertahankan melalui interaksi konyol antara manusia dan hantu, namun porsi dramanya jauh lebih kental dibandingkan buku pertamanya. Misteri yang dihadirkan lebih kompleks, membuat alur ceritanya terasa lebih intens namun tetap mempertahankan nuansa manis khas kisah cinta remaja. a4037/BBPP/26